Statistics for Borussia Dortmund Best Scorer By Year

Click here to take the quiz!

General Stats

  • This quiz has been taken 129 times
    (56 since last reset)
  • The average score is 6 of 12

Answer Stats

Player % Correct
Robert Lewandowski
96%
Jadon Sancho
93%
Pierre-Emerick Aubameyang
93%
Paco Alcacer
80%
Lucas Barrios
62%
Jan Koller
44%
Marcio Amoroso
44%
Alexander Frei
38%
Mladen Petric
33%
Ewerthon
24%
Euzebiusz Smolarek
18%
Fredi Bobic
16%

Score Distribution

Percentile by Number Answered

Percent of People with Each Score

Your Score History

You have not taken this quiz since the last reset